Vplyv niektorých technologických činiteľov v skladbe betónu na dynamické a statické moduly pružnosti a niektoré zákonitosti týchto modulov

Bibliographic Details
Main Author: Galan, Andrej, 1915-1995 (Author)
Format: Article
Language:Slovak
PhysicalDescription:Obr. 2. Grafy 2. Tb. 5., lit. 13 zázn. v slov., češ., angl., franc.
Subjects:

MARC

LEADER 00000nab a2200000 a 4500
001 vtls000209557
003 SK-MaSNL
005 20260304221254.0
008 250422c1984 xo 0 slo
015 |a SNBRB19rr/mm-uuuuu 
035 |a CL0219670 
035 |a urn:nbn:sk:snk-ab2r23 
035 |a (urnnbn)urn:nbn:sk:snk:ar-a02tub 
035 |a (uuid)998d2e76-4a0e-4cb4-9988-56bc4b6d1d82 
040 |a SNKBUCL  |b slo  |c SNKBUCL  |e AACR2 
041 0 |a slo 
044 |a xo  |c SK 
080 |a 666.972:620.171.22  |2 1981 
080 |a 620.171.22  |2 1981 
100 1 |a Galan, Andrej,  |d 1915-1995  |4 aut  |9 5297 
245 1 0 |a Vplyv niektorých technologických činiteľov v skladbe betónu na dynamické a statické moduly pružnosti a niektoré zákonitosti týchto modulov  |c Andrej Galan 
300 |b Obr. 2. Grafy 2. Tb. 5., lit. 13 zázn. v slov., češ., angl., franc. 
650 0 7 |a betón  |2 snkbucl  |9 1685 
650 0 7 |a pružnosť  |2 snkbucl  |9 1635 
655 7 |a články z novín a časopisov  |2 snkbucl  |9 267496 
773 0 |t Inženýrské stavby  |g Roč. 32, č. 10 (1984), s. 515-521 
850 |a Slovenská národná knižnica 
852 |a Slovenská národná knižnica 
954 |a odborná, vedecká literatúra pôvodná (slovenská)  |2 lita 
958 |a article2022 
958 |a NB 
958 |a RK 
958 |a OND 
958 |a EUIPO 
992 |a RBX 
999 |c 3156907  |d 3158837